Search the Library Catalogue
| 000 -LEADER | |
|---|---|
| fixed length control field | 00631nam a2200217Ia 4500 |
| 008 - FIXED-LENGTH DATA ELEMENTS--GENERAL INFORMATION | |
| fixed length control field | 191130s2001##################000#0#eng## |
| 020 ## - INTERNATIONAL STANDARD BOOK NUMBER | |
| ISBN | 9788177551419 |
| 082 ## - DEWEY DECIMAL CLASSIFICATION NUMBER | |
| Classification number | 320.54 NAY |
| 245 ## - TITLE STATEMENT | |
| Title | The sociology of Indian politics |
| Statement of responsibility, etc | edited by V. G. Nayar & M. G. Nayar |
| 260 ## - PUBLICATION, DISTRIBUTION, ETC. (IMPRINT) | |
| Place of publication | New Delhi |
| Name of publisher | Cosmo Publications |
| Year of publication | 2001 |
| 300 ## - PHYSICAL DESCRIPTION | |
| Number of Pages | ix, 346 p. ; 22 cm. |
| 500 ## - GENERAL NOTE | |
| General note | The cover page & Title Page differes |
| 650 ## - SUBJECT ADDED ENTRY--TOPICAL TERM | |
| Topical Term | Politics - India |
| Topical Term | Sociology |
| 700 ## - ADDED ENTRY--PERSONAL NAME | |
| Personal name | Nayar, M. G |
| Personal name | Nayar, V. G |
| 991 ## - | |
| -- | 182275 |
| Withdrawn status | Lost status | Damaged status | Not for loan | Home library | Current library | Shelving location | Date acquired | Full call number | Accession Number | Price effective from | Koha item type |
|---|---|---|---|---|---|---|---|---|---|---|---|
| Anna Centenary Library | Anna Centenary Library | 3RD FLOOR, B WING | 09.10.2020 | 320.54 NAY | 395436 | 09.10.2020 | Books |